000 00337nam a2200121Ia 4500
008 240731s9999 xx 000 0 und d
022 _a2993-1509
245 0 _aCritical Insights in Environmental Science and Technology
260 _bTaylor & Francis
856 _uhttps://www.tandfonline.com/loi/tens20
942 _2ddc
942 _cTFEJ
999 _c76110
_d76110
945 _a1
_bMadushi Gamage
_c1
_dMadushi Gamage